Płyty tektoniczne - quiz na mapie - Statystyki

Ogólne statystyki
  • Ten quiz został rozwiązany 23 965 razy
  • Średni wynik to 11 z 15
Odpowiedzi na mapie
Odpowiedzi zakodowano w zielono-czerwonej skali na mapie do tego quizu, zgodnie z poniższymi procentami.
 
Statystyki odpowiedzi
Odpowiedź % Poprawnych
Płyta afrykańska
93%
Płyta eurazjatycka
92%
Płyta antarktyczna
91%
Płyta arabska
90%
Płyta australijska
89%
Płyta indyjska
88%
Płyta południowoamerykańska
87%
Płyta pacyficzna
84%
Płyta filipińska
83%
Płyta północnoamerykańska
82%
Płyta karaibska
81%
Płyta kokosowa
46%
Płyta Nazca
43%
Płyta Juan de Fuca
42%
Płyta Scotia
42%
Nie znaleziono quizów pasujących do podanych kryteriów
Rozkład punktacji
Procent ludzi z każdym wynikiem
Percentyl według liczby udzielonych odpowiedzi
Twoja historia wyników
Nie rozwiązałeś tego quizu